01022nas a2200253Ia 4500001001100000003000900011008004100020040001300061040001300074041001300087100004400100210001200144222001200156245008300168250001100251260002200262501008600284300001800370362002500388500026000413650004300673700002300716700002900739R142/77665IT-RoPAU151124c99999999xx |||||||||||| ||und|| aIT-RoPAU cIT-RoPAU aFRANCESE aPajon PatrickgCodice Aut. SPICS: 17594 aRESEAUX aReseaux aRESEAUX, N.039 (GENNAIO 1990)bPublic Au Bout Du Fil (Le): Le Paradoxe De Base a1a ed. aPARISbCNETc1990 bPaulus - SPICS - Società San Paolo EM (non-commercial uses only)cCopyright2015 a20 p. [57-76] aN.039 (GENNAIO 1990) aParadosso della Base: Telefonate del Pubblico in Diretta. Telematica e Televisione: Telespettaori Impegnati. Personalizzazione Dello Spazio Pubblico. Dal Telespettaore al Cliente. Schema Classico della Comunicazione tra Televisione e Telespettaore. Intera aCOMUNICAZIONEvPUBBLICAZIONE PERIODICA aSalaun Jean-Michel gCodice Aut. SPICS: 17595